=LDR 00000nam 2200000 4500 =001 000492 =005 20250710100849 =035 ##$$a 0010-0725000354 =007 ta =008 250710################a##########0#ind## =020 ##$$a 978-623-472-288-8 =082 ##$$a 398.209 598 =084 ##$$a 398.209 598 ALL s =100 #$$a All Children Reading Cambodia =245 1#$$a Suara Apa itu? /$c All Children Reading Cambodia =250 ##$$a Cetakan pertama =260 ##$$a Jakarta :$b Badan pengembangan dan pembinaan bahasa,$c 2022 =300 ##$$a 24 hlm. : $b ilus. ; $c 22,9 cm$e 398.209 598 =650 #4$$a Cerita Anak Indonesia =856 ##$$a TBM As Suhada =990 ##$$a TBM02440244